Statistics for Det periodiske system (dansk)

Click here to take the quiz!

General Stats

  • This quiz has been taken 511 times
  • The average score is 30 of 118

Answer Stats

GrundstofNavn% Correct
2Helium
96%
1Hydrogen
94%
8Oxygen
86%
79Guld
77%
47Sølv
75%
6Carbon
74%
10Neon
73%
3Lithium
71%
7Nitrogen
67%
5Bor
65%
26Jern
63%
12Magnesium
60%
11Natrium
59%
4Beryllium
58%
29Kobber
55%
20Calcium
54%
15Phosphor
53%
17Chlor
52%
9Fluor
52%
13Aluminium
51%
18Argon
51%
30Zink
50%
19Kalium
48%
92Uran
44%
80Kviksølv
41%
14Silicium
38%
50Tin
38%
82Bly
36%
54Xenon
36%
35Brom
34%
28Nikkel
33%
24Chrom
30%
36Krypton
30%
86Radon
30%
22Titan
30%
25Mangan
29%
99Einsteinium
28%
78Platin
27%
56Barium
25%
53Iod
25%
34Selen
25%
94Plutonium
23%
88Radium
23%
32Germanium
21%
33Arsen
20%
107Bohrium
19%
31Gallium
19%
21Scandium
19%
23Vanadium
19%
39Yttrium
19%
55Caesium
17%
87Francium
17%
72Hafnium
17%
49Indium
17%
37Rubidium
17%
38Strontium
17%
85Astat
16%
98Californium
16%
74Wolfram
16%
16Svol
15%
48Cadmium
14%
27Cobalt
14%
57Lanthan
14%
45Rhodium
14%
73Tantal
14%
93Neptunium
13%
76Osmium
13%
84Polonium
13%
43Technetium
13%
52Tellur
13%
95Americium
12%
46Palladium
12%
104Rutherfordium
12%
70Ytterbium
12%
40Zirconium
12%
51Antimon
11%
83Bismuth
11%
58Cerium
11%
96Curium
11%
68Erbium
11%
63Europium
11%
60Neodym
11%
41Niobium
11%
44Ruthenium
11%
62Samarium
11%
117Tennessin
11%
81Thallium
11%
90Thorium
11%
110Darmstadtium
10%
100Fermium
10%
108Hassium
10%
77Iridium
10%
116Livermorium
10%
71Lutetium
10%
42Molybden
10%
102Nobelium
10%
118Oganesson
10%
114Flerovium
9%
101Mendelevium
9%
75Rhenium
9%
106Seaborgium
9%
89Actinium
8%
97Berkelium
8%
105Dubnium
8%
64Gadolinium
8%
67Holmium
8%
103Lawrencium
8%
109Meitnerium
8%
115Moscovium
8%
113Nihonium
8%
59Praseodym
8%
61Promethium
8%
91Protactinium
8%
65Terbium
8%
69Thulium
8%
112Copernicium
7%
66Dysprosium
7%
111Roentgenium
5%

Score Distribution

Percentile by Number Answered

Percent of People with Each Score

Your Score History

You have not taken this quiz